000 00320nam a2200109Ia 4500
008 171204s9999 xx 000 0 und d
245 _aPostformal Education:
245 _cJennifer M. Gidley
260 _c2016
650 _xField Study 4: Exploring the Curriculum
856 _uhttp://down.ebook777.com/040/3319290681.pdf
999 _c345824
_d345824